Daňové stimuly v oblasti výskumu a vývoja

V oblasti výskumu a vývoja SR zostáva výrazne pod priemerom krajín OECD, aj pre to majú daňové stimuly v oblasti výskumu a vývoja na Slovensku svoje opodstatnenie. Sú tiež neutrálne, menej administratívne náročné a sú prínosom najmä pre väčšie firmy.

Saved in:
Bibliographic Details
Main Author: Ďurinová, Ivona, 1964-
Format: Book Chapter
Language:Slovak
Subjects:
Tags: Add Tag
No Tags, Be the first to tag this record!

MARC

LEADER 00000nla a2200000 4500
001 0240110
005 20240502073908.9
041 0 |a slo 
044 |a SK 
245 1 0 |a Daňové stimuly v oblasti výskumu a vývoja  |c Ivona Ďurinová 
520 |a V oblasti výskumu a vývoja SR zostáva výrazne pod priemerom krajín OECD, aj pre to majú daňové stimuly v oblasti výskumu a vývoja na Slovensku svoje opodstatnenie. Sú tiež neutrálne, menej administratívne náročné a sú prínosom najmä pre väčšie firmy. 
610 2 0 |a dane 
610 2 0 |a stimuly ekonomické 
610 2 0 |a výskum 
610 2 0 |a vývoj 
610 2 0 |a podnikatelia 
610 2 0 |a podnikanie 
610 2 0 |a podpora inovácií 
610 2 0 |a podpora vedy a výskumu 
100 1 |a Ďurinová, Ivona, 1964-